[Event "DSM WK M 2010"]
[Site "Karlsruhe GER"]
[Date "2010.05.08"]
[Round "6"]
[White "Bajorski, Maria Sophie"]
[Black "Stitterich, Nadine"]
[Result "0-1"]
[Termination "normal"]
[Board "1.1"]
[WhiteElo "1347"]
[BlackElo "1974"]
[WhiteTeam "Marienschule Limburg"]
[BlackTeam "Solitude-Gymnasium Stuttgart"]
[PlyCount "111"]
[WhiteFideId "24654531"]
[BlackFideId "24676527"]
[EventCountry "GER"]
[EventRounds "7"]
[EventType "team-swiss"]
[EventDate "2010.05.06"]

1. e4 c5 2. Nf3 e6 3. d4 cxd4 4. Nxd4 Nc6 5. Nc3 Qc7 6. Be2 a6 7. O-O Nf6 8.
Be3 Bb4 9. f3 Ne5 10. Qe1 d6 11. Rd1 O-O 12. Nb3 b5 13. a3 Bxc3 14. Qxc3 Qxc3
15. bxc3 d5 16. Bd4 Ned7 17. exd5 Nxd5 18. c4 Nf4 19. Bd3 Nxd3 20. cxd3 e5 21.
Bf2 Rd8 22. Rfe1 f6 23. Re2 Nf8 24. Red2 Be6 25. h3 bxc4 26. dxc4 Rxd2 27. Nxd2
Rd8 28. c5 Bf5 29. Be3 Ne6 30. Rc1 Rd3 31. Kf2 Nd4 32. c6 Bc8 33. a4 Nf5 34.
Nc4 Nxe3 35. Nxe3 Rd2+ 36. Ke1 Rd4 37. Ra1 Kf7 38. Nc2 Rc4 39. Ne3 Rxc6 40. Kd2
Be6 41. a5 f5 42. Nc2 Kf6 43. g3 Bc4 44. Nb4 Rd6+ 45. Ke3 Bb5 46. Rc1 Rd4 47.
Rb1 Ke6 48. Rb3 g5 49. Nc2 f4+ 50. gxf4 gxf4+ 51. Kf2 Rd2+ 52. Ke1 Rxc2 53. Kd1
Kd5 54. Kxc2 Ba4 55. Kc3 Bxb3 56. Kxb3 0-1

[Event "DSM WK M 2010"]
[Site "Karlsruhe GER"]
[Date "2010.05.08"]
[Round "6"]
[White "Mijatovic, Andrea"]
[Black "Liez, Franziska"]
[Result "1-0"]
[Termination "normal"]
[Board "1.2"]
[WhiteElo "1864"]
[BlackElo "1440"]
[WhiteTeam "Solitude-Gymnasium Stuttgart"]
[BlackTeam "Marienschule Limburg"]
[PlyCount "65"]
[WhiteFideId "14514524"]
[BlackFideId "1271766"]
[EventCountry "GER"]
[EventRounds "7"]
[EventType "team-swiss"]
[EventDate "2010.05.06"]

1. e4 e5 2. Nf3 Nc6 3. d4 exd4 4. Bc4 Bc5 5. c3 dxc3 6. Bxf7+ Kxf7 7. Qd5+ Ke8
8. Qh5+ g6 9. Qxc5 d6 10. Qxc3 Qf6 11. Qb3 Qe6 12. Qc2 Nf6 13. O-O Rf8 14. Bh6
Rg8 15. Re1 Qe7 16. Nc3 Bg4 17. e5 dxe5 18. Nxe5 Nxe5 19. f4 Qc5+ 20. Kh1 Bf5
21. Qb3 Kd7 22. Rxe5 Qb6 23. Qf7+ Kc8 24. Nd5 Qd6 25. Ne7+ Kd8 26. Nxg8 Bd7 27.
Nxf6 c6 28. Qg8+ Kc7 29. Qxa8 Qxf6 30. Rd1 Qf7 31. Bg5 Kb6 32. Qd8+ Ka6 33.
Qa5# 1-0

[Event "DSM WK M 2010"]
[Site "Karlsruhe GER"]
[Date "2010.05.08"]
[Round "6"]
[White "Liez, Tatjana"]
[Black "Häcker, Katrin"]
[Result "0-1"]
[Termination "normal"]
[Board "1.3"]
[WhiteElo "1190"]
[BlackElo "1615"]
[WhiteTeam "Marienschule Limburg"]
[BlackTeam "Solitude-Gymnasium Stuttgart"]
[PlyCount "72"]
[WhiteFideId "1271769"]
[BlackFideId "24667986"]
[EventCountry "GER"]
[EventRounds "7"]
[EventType "team-swiss"]
[EventDate "2010.05.06"]

1. e4 e5 2. Nf3 Nc6 3. Bc4 Bc5 4. d3 d6 5. Nc3 Bg4 6. Be3 Nd4 7. Bxd4 Bxd4 8.
h3 Bh5 9. g4 Bg6 10. Ne2 Bb6 11. Nc3 Ne7 12. Qe2 Ba5 13. O-O-O Nc6 14. Rdg1 Qd7
15. h4 h5 16. gxh5 Bxh5 17. Rxg7 Nd4 18. Qf1 Nxf3 19. Qg2 O-O-O 20. Nd5 Rh6 21.
Rg8 c6 22. Ne3 Rg6 23. Rxg6 fxg6 24. c3 Bb6 25. Bb3 Rf8 26. Bd1 Rf4 27. Qg3 Qf7
28. Nc4 Qf6 29. Bxf3 Rxf3 30. Qg1 Bxf2 31. Qd1 Bxh4 32. Nxd6+ Qxd6 33. Rxh4
Rxd3 34. Qe1 Rd1+ 35. Kc2 Rxe1 36. Rh2 Qd1# 0-1

[Event "DSM WK M 2010"]
[Site "Karlsruhe GER"]
[Date "2010.05.08"]
[Round "6"]
[White "Zacke, Tamara"]
[Black "Heinz, Michelle"]
[Result "1-0"]
[Termination "normal"]
[Board "1.4"]
[WhiteElo "857"]
[BlackElo "1006"]
[WhiteTeam "Solitude-Gymnasium Stuttgart"]
[BlackTeam "Marienschule Limburg"]
[PlyCount "59"]
[BlackFideId "1271782"]
[EventCountry "GER"]
[EventRounds "7"]
[EventType "team-swiss"]
[EventDate "2010.05.06"]

1. e4 e5 2. Nf3 Nc6 3. Bc4 Nf6 4. Nc3 Bb4 5. O-O d6 6. Nd5 Nxe4 7. d3 Nf6 8.
Bg5 Be6 9. Nxf6+ gxf6 10. Be3 Bg4 11. c3 Ba5 12. d4 Rg8 13. Kh1 e4 14. h3 Bh5
15. Bd5 exf3 16. Bxf3 Bg6 17. Re1 Qd7 18. Bg5+ Kf8 19. Bxf6 Bf5 20. Qd2 Rg6 21.
d5 Nb8 22. Be7+ Kg8 23. Bh5 Bxh3 24. Bxg6 Bxg2+ 25. Kxg2 Qg4+ 26. Kf1 Qxg6 27.
Re3 Qf5 28. Rg3+ Kh8 29. Qd4+ Qe5 30. Bf6+ 1-0

[Event "DSM WK M 2010"]
[Site "Karlsruhe GER"]
[Date "2010.05.08"]
[Round "6"]
[White "Wisheckel, Lena"]
[Black "Bohrmann, Sandra"]
[Result "1-0"]
[Termination "normal"]
[Board "2.1"]
[WhiteElo "1775"]
[BlackElo "1563"]
[WhiteTeam "Johann-Schöner-Gymnasium Karlstadt"]
[BlackTeam "Max-Planck-Gymnasium Ludwigshafen"]
[PlyCount "89"]
[WhiteFideId "24691992"]
[BlackFideId "12905437"]
[EventCountry "GER"]
[EventRounds "7"]
[EventType "team-swiss"]
[EventDate "2010.05.06"]

1. e4 e5 2. Nf3 Nc6 3. d4 exd4 4. Nxd4 Qh4 5. Nc3 Bb4 6. Be2 Qxe4 7. Ndb5 Bxc3+
8. bxc3 Kd8 9. O-O Nge7 10. Re1 a6 11. Bf3 Qc4 12. Be2 Qd5 13. Nd4 Nxd4 14.
cxd4 Nf5 15. Bb2 Nh4 16. Bf1 d6 17. Re3 b5 18. Qe2 Nf5 19. Re4 Bb7 20. f3 h5
21. a3 Bc6 22. Re1 Kc8 23. c3 g5 24. Qc2 Rf8 25. Rc1 Ra7 26. Qd2 Nh4 27. c4
bxc4 28. Bxc4 Qf5 29. d5 Bd7 30. Qf2 Ra8 31. Qc2 c5 32. dxc6 Bxc6 33. Be6+ fxe6
34. Qxc6+ Kd8 35. Qxd6+ Ke8 36. Rxe6+ Kf7 37. Rf6+ Qxf6 38. Qxf6+ Ke8 39. Qe6+
Kd8 40. Bf6+ Rxf6 41. Qxf6+ Kd7 42. Rd1+ Ke8 43. Re1+ Kd7 44. Re7+ Kd8 45. Qf8#
1-0

[Event "DSM WK M 2010"]
[Site "Karlsruhe GER"]
[Date "2010.05.08"]
[Round "6"]
[White "Serif, Amelie"]
[Black "Mehling, Franziska"]
[Result "0-1"]
[Termination "normal"]
[Board "2.2"]
[WhiteElo "1371"]
[BlackElo "1477"]
[WhiteTeam "Max-Planck-Gymnasium Ludwigshafen"]
[BlackTeam "Johann-Schöner-Gymnasium Karlstadt"]
[PlyCount "70"]
[BlackFideId "12900133"]
[EventCountry "GER"]
[EventRounds "7"]
[EventType "team-swiss"]
[EventDate "2010.05.06"]

1. Nc3 e5 2. Nf3 Nc6 3. d4 exd4 4. Nxd4 Nxd4 5. Qxd4 Nf6 6. Bg5 Be7 7. e4 d6 8.
O-O-O O-O 9. e5 dxe5 10. Qxe5 Bd7 11. Bc4 Bd6 12. Qd4 Bc6 13. Bxf6 Qxf6 14.
Qxf6 gxf6 15. Rd4 Be5 16. Rg4+ Kh8 17. Bd3 Rg8 18. Rxg8+ Rxg8 19. Be4 Bxe4 20.
Nxe4 Rxg2 21. h3 f5 22. Nc5 b6 23. Nd3 Bd4 24. f4 Be3+ 25. Kd1 Rd2+ 26. Ke1
Rxc2 27. Ne5 Rc1+ 28. Ke2 Rxh1 29. Kxe3 Kg7 30. Nc6 Rxh3+ 31. Kd4 Rh2 32. Nxa7
Rxb2 33. Nc6 Rxa2 34. Ke5 Rc2 35. Nd4 Rc5# 0-1

[Event "DSM WK M 2010"]
[Site "Karlsruhe GER"]
[Date "2010.05.08"]
[Round "6"]
[White "Mehling, Katharina"]
[Black "Serebrianski, Anita"]
[Result "1-0"]
[Termination "normal"]
[Board "2.3"]
[WhiteElo "1524"]
[BlackElo "1147"]
[WhiteTeam "Johann-Schöner-Gymnasium Karlstadt"]
[BlackTeam "Max-Planck-Gymnasium Ludwigshafen"]
[PlyCount "73"]
[WhiteFideId "12900362"]
[EventCountry "GER"]
[EventRounds "7"]
[EventType "team-swiss"]
[EventDate "2010.05.06"]

1. d4 d5 2. c4 Nf6 3. cxd5 Nxd5 4. e4 Nb6 5. Nc3 Nc6 6. d5 Ne5 7. f4 Ned7 8.
Nf3 g6 9. Be3 Bg7 10. Bd4 O-O 11. Bxg7 Kxg7 12. Qd4+ f6 13. O-O-O c5 14. dxc6
bxc6 15. Ng5 c5 16. Ne6+ Kg8 17. Qf2 Qe8 18. Nxf8 Qxf8 19. Bb5 e5 20. Rhf1 c4
21. fxe5 Nxe5 22. Nd5 Nxd5 23. Rxd5 Nd3+ 24. Rxd3 cxd3 25. Bc4+ Kg7 26. e5 Bf5
27. exf6+ Qxf6 28. Kb1 Rb8 29. Qxa7+ Kh6 30. Qxb8 d2+ 31. Ka1 Qd4 32. Qf8+ Kg5
33. Qe7+ Kg4 34. Qe2+ Kh4 35. h3 Bc2 36. Bb3 Qd3 37. Qg4# 1-0

[Event "DSM WK M 2010"]
[Site "Karlsruhe GER"]
[Date "2010.05.08"]
[Round "6"]
[White "Keil, Mareike"]
[Black "Mehling, Theresa"]
[Result "1-0"]
[Termination "normal"]
[Board "2.4"]
[WhiteElo "1032"]
[BlackElo "728"]
[WhiteTeam "Max-Planck-Gymnasium Ludwigshafen"]
[BlackTeam "Johann-Schöner-Gymnasium Karlstadt"]
[PlyCount "69"]
[EventCountry "GER"]
[EventRounds "7"]
[EventType "team-swiss"]
[EventDate "2010.05.06"]

1. e4 e5 2. Nf3 Nc6 3. Bc4 Nf6 4. Ng5 d5 5. exd5 Nxd5 6. d3 Bc5 7. Qf3 Nf6 8.
Nxf7 Bg4 9. Qg3 Qe7 10. Nxh8 O-O-O 11. Bg5 Rxh8 12. Bxf6 Qxf6 13. Qxg4+ Kb8 14.
O-O Rf8 15. Qe2 Nd4 16. Qd2 Ne6 17. Bxe6 Qxe6 18. Nc3 h6 19. Ne4 Bb6 20. c3 Qf7
21. d4 exd4 22. cxd4 Rd8 23. Ng3 Rxd4 24. Qe2 a6 25. Rae1 Qxa2 26. Nf5 Rd7 27.
Qe8+ Ka7 28. Qxd7 Ba5 29. Ra1 Qxb2 30. Rxa5 Qb4 31. Qd4+ Qxd4 32. Nxd4 b6 33.
Ra3 c5 34. Nb5+ Kb7 35. Nd6+ 1-0

[Event "DSM WK M 2010"]
[Site "Karlsruhe GER"]
[Date "2010.05.08"]
[Round "6"]
[White "Hoffmann, Hanna Dorina"]
[Black "Gatej, Corinna"]
[Result "1-0"]
[Termination "normal"]
[Board "3.1"]
[WhiteElo "1536"]
[BlackElo "918"]
[WhiteTeam "Mallinckrodt-Gymnasium Dortmund"]
[BlackTeam "Gymnasium Donauwörth"]
[PlyCount "121"]
[WhiteFideId "12909858"]
[EventCountry "GER"]
[EventRounds "7"]
[EventType "team-swiss"]
[EventDate "2010.05.06"]

1. d4 d5 2. c4 c6 3. Nc3 Nf6 4. Bg5 Bf5 5. Qb3 Qc7 6. cxd5 cxd5 7. Bxf6 gxf6 8.
Qxd5 e6 9. Qb5+ Nd7 10. e4 Bg6 11. Nf3 O-O-O 12. Qc4 Qxc4 13. Bxc4 Bb4 14. a3
Ba5 15. b4 Bb6 16. d5 Ne5 17. Nxe5 fxe5 18. dxe6 Rd4 19. Bd5 fxe6 20. Bxe6+ Kb8
21. f3 Rhd8 22. Bd5 Rd3 23. Nd1 Rc8 24. Ke2 Rd4 25. Ne3 a6 26. Rhc1 Rxc1 27.
Rxc1 Be8 28. Nf5 Bb5+ 29. Ke1 Rd3 30. Bc4 Bxc4 31. Rxc4 Rxa3 32. Nd6 Ra1+ 33.
Kd2 Rg1 34. Rc8+ Ka7 35. Rg8 h5 36. Rg7 h4 37. Rxb7+ Ka8 38. Rxb6 Rxg2+ 39. Ke3
Rxh2 40. Rb7 Rc2 41. Rh7 Rc6 42. Nf7 Rc7 43. Rh8+ Kb7 44. Nxe5 Rc3+ 45. Nd3 Rb3
46. Rxh4 Kb6 47. Rh5 Kc6 48. Ra5 Kb6 49. Kd4 Kb7 50. Rxa6 Kxa6 51. Nc5+ Kb5 52.
Nxb3 Kxb4 53. e5 Kb5 54. Kd5 Kb6 55. Kd6 Kb7 56. e6 Kc8 57. e7 Kb8 58. e8=Q+
Kb7 59. Qb5+ Ka7 60. Kc7 Ka8 61. Qb7# 1-0

[Event "DSM WK M 2010"]
[Site "Karlsruhe GER"]
[Date "2010.05.08"]
[Round "6"]
[White "Vogel, Anna"]
[Black "Demetrescu, Alice"]
[Result "0-1"]
[Termination "normal"]
[Board "3.2"]
[WhiteElo "887"]
[BlackElo "800"]
[WhiteTeam "Gymnasium Donauwörth"]
[BlackTeam "Mallinckrodt-Gymnasium Dortmund"]
[PlyCount "108"]
[EventCountry "GER"]
[EventRounds "7"]
[EventType "team-swiss"]
[EventDate "2010.05.06"]

1. e4 Nc6 2. d4 e5 3. Nf3 d6 4. Bg5 Be7 5. Bxe7 Ngxe7 6. dxe5 dxe5 7. Qxd8+
Kxd8 8. Nc3 Ke8 9. O-O-O Bg4 10. Bb5 Bxf3 11. Bxc6+ Nxc6 12. Nb5 Bxd1 13. Nxc7+
Kd8 14. Nxa8 Bg4 15. f3 Be6 16. g3 Kc8 17. f4 Bxa2 18. b3 Kb8 19. Nb6 axb6 20.
Rd1 Rd8 21. Rd5 exf4 22. gxf4 Rxd5 23. exd5 Nd4 24. Kb2 Bxb3 25. cxb3 Kc7 26.
Kc3 Ne2+ 27. Kd3 Nxf4+ 28. Ke4 Nh3 29. Ke5 Kd7 30. b4 f6+ 31. Ke4 Kd6 32. Kd4
Nf4 33. Ke4 Nxd5 34. Kf5 Nxb4 35. h4 Nd3 36. h5 b5 37. Ke4 Nc5+ 38. Kd4 f5 39.
Ke3 b4 40. Kf4 g6 41. hxg6 hxg6 42. Kg5 b3 43. Kxg6 b2 44. Kxf5 b1=Q+ 45. Kf4
Qe1 46. Kf3 b5 47. Kf4 b4 48. Kf3 b3 49. Kf4 b2 50. Kf3 b1=R 51. Kf4 Rb2 52.
Kg5 Rf2 53. Kg4 Qg1+ 54. Kh3 Rh2# 0-1

[Event "DSM WK M 2010"]
[Site "Karlsruhe GER"]
[Date "2010.05.08"]
[Round "6"]
[White "Reinecke, Lena"]
[Black "Aurnhammer, Bianca"]
[Result "0-1"]
[Termination "normal"]
[Board "3.3"]
[WhiteElo "800"]
[BlackElo "1038"]
[WhiteTeam "Mallinckrodt-Gymnasium Dortmund"]
[BlackTeam "Gymnasium Donauwörth"]
[PlyCount "120"]
[EventCountry "GER"]
[EventRounds "7"]
[EventType "team-swiss"]
[EventDate "2010.05.06"]

1. e4 d5 2. Nc3 d4 3. Nd5 e5 4. Bc4 f5 5. exf5 Bxf5 6. Nf3 Nc6 7. c3 d3 8. Ne3
Nge7 9. Ng5 Bg6 10. O-O Nf5 11. Ne6 Qd7 12. Bd5 Nxe3 13. fxe3 e4 14. Rf2 Ne7
15. Qf1 Bf5 16. Nc5 Qxd5 17. b4 O-O-O 18. Rf4 g6 19. Bb2 Rg8 20. Rc1 Qxa2 21.
Rb1 Bh6 22. Rh4 Bg7 23. Nxe4 Bxe4 24. Rxe4 Rgf8 25. Qe1 Rf7 26. Ra1 Qxb2 27.
Ra5 Nc6 28. Rc5 Rdf8 29. h3 Rf2 30. Kh2 Qxd2 31. Qxd2 Rxd2 32. Rh4 Rff2 33. Rg5
Rc2 34. Rxh7 d2 35. Rxg7 d1=Q 36. R5xg6 Qd6+ 37. Rxd6 cxd6 38. h4 Rxc3 39. Kg3
Rf8 40. h5 Rxe3+ 41. Kh4 Ree8 42. Kg5 Rg8 43. Rxg8 Rxg8+ 44. Kh6 Rxg2 45. Kh7
d5 46. b5 Nb4 47. b6 axb6 48. h6 Rh2 49. Kg7 d4 50. h7 d3 51. Kg8 d2 52. h8=Q
Rxh8+ 53. Kxh8 d1=Q 54. Kg7 Qd6 55. Kf7 Qe5 56. Kg8 Qe7 57. Kh8 Kd7 58. Kg8 Ke6
59. Kh8 Kf6 60. Kg8 Qg7# 0-1

[Event "DSM WK M 2010"]
[Site "Karlsruhe GER"]
[Date "2010.05.08"]
[Round "6"]
[White "Holler, Sophia"]
[Black "Frieling, Nora"]
[Result "1-0"]
[Termination "normal"]
[Board "3.4"]
[WhiteElo "800"]
[BlackElo "800"]
[WhiteTeam "Gymnasium Donauwörth"]
[BlackTeam "Mallinckrodt-Gymnasium Dortmund"]
[PlyCount "45"]
[EventCountry "GER"]
[EventRounds "7"]
[EventType "team-swiss"]
[EventDate "2010.05.06"]

1. e4 e5 2. Nf3 Nc6 3. d4 f6 4. dxe5 fxe5 5. Bc4 Nf6 6. Nc3 Bc5 7. Bg5 d6 8.
O-O Bg4 9. h3 Bh5 10. Re1 Qd7 11. Nd5 Qe6 12. Nxf6+ Qxf6 13. Bxf6 gxf6 14. Qd5
O-O-O 15. Qe6+ Kb8 16. Qxf6 a6 17. a3 Nd4 18. Nxd4 exd4 19. g4 Bg6 20. Qf3 Rhf8
21. Qb3 c6 22. Bxa6 Kc8 23. Qxb7# 1-0

[Event "DSM WK M 2010"]
[Site "Karlsruhe GER"]
[Date "2010.05.08"]
[Round "6"]
[White "Raab, Helen"]
[Black "Klinger, Jacquelin"]
[Result "1/2-1/2"]
[Termination "normal"]
[Board "4.1"]
[WhiteElo "1697"]
[BlackElo "1544"]
[WhiteTeam "Gymnasium Mainz-Gonsenheim"]
[BlackTeam "Märkische Schule Wattenscheid"]
[PlyCount "128"]
[WhiteFideId "24653608"]
[EventCountry "GER"]
[EventRounds "7"]
[EventType "team-swiss"]
[EventDate "2010.05.06"]

1. e4 c5 2. Nf3 e6 3. d4 cxd4 4. Nxd4 Ne7 5. Nb5 Ng6 6. Nd6+ Bxd6 7. Qxd6 Qe7
8. Qxe7+ Nxe7 9. Bf4 O-O 10. Bd6 Nbc6 11. Bc4 Re8 12. O-O a6 13. a4 b6 14. Nc3
Bb7 15. Rad1 Rac8 16. Ba2 Ng6 17. f4 Kh8 18. f5 Nge5 19. f6 gxf6 20. Rxf6 Rg8
21. Ne2 Rg6 22. Rxg6 hxg6 23. b4 b5 24. axb5 axb5 25. Nd4 Ba6 26. Rf1 Kg8 27.
c3 Nd3 28. Nb3 Nd8 {(auf beiden Formularen steht: 28...Se8 - vermutlich geschah
hier also ein regelwidriger Zug)} 29. Bc5 d6 30. Bd4 Bb7 31. e5 dxe5 32. Bc5
Bd5 33. Bb1 Nb2 34. Nd2 Na4 35. Nf3 Bxf3 36. Rxf3 Nxc5 37. bxc5 Rxc5 38. Ba2
Nb7 {(siehe Anmerkung zum 28. Zug)} 39. -- Nd6 40. Rd3 Ne4 41. Rd8+ Kg7 42. Rd7
Nxc3 43. Bxe6 Kf6 44. Bb3 b4 45. Rxf7+ Kg5 46. Rb7 Rb5 47. Rg7 e4 48. Kf2 Rb6
49. Ke3 Kf5 50. Rf7+ Rf6 51. Rb7 Rd6 52. Rxb4 Rd3+ 53. Kf2 Rd2+ 54. Kg3 Ne2+
55. Kh4 Kf4 56. g3+ Ke3 57. Bf7 Ng1 58. Rb3+ Kd4 59. Bxg6 Rxh2+ 60. Kg4 e3 61.
Rd3+ Kc5 62. Rxe3 Re2 63. Rxe2 Nxe2 64. Kf3 Nxg3 1/2-1/2

[Event "DSM WK M 2010"]
[Site "Karlsruhe GER"]
[Date "2010.05.08"]
[Round "6"]
[White "Rohm, Marlena"]
[Black "Efinger, Leila"]
[Result "1-0"]
[Termination "normal"]
[Board "4.2"]
[WhiteElo "1506"]
[BlackElo "1113"]
[WhiteTeam "Märkische Schule Wattenscheid"]
[BlackTeam "Gymnasium Mainz-Gonsenheim"]
[PlyCount "109"]
[WhiteFideId "12931632"]
[BlackFideId "12931705"]
[EventCountry "GER"]
[EventRounds "7"]
[EventType "team-swiss"]
[EventDate "2010.05.06"]

1. d4 c6 2. Nf3 d5 3. e3 Bg4 4. c4 e6 5. Nbd2 Be7 6. b3 Nd7 7. Bb2 Ngf6 8. Bd3
O-O 9. O-O Rc8 10. Qc2 b5 11. Ne5 h6 12. f4 Qb6 13. c5 Qb7 14. h3 Bf5 15. Bxf5
exf5 16. Qxf5 Rfe8 17. g4 Rf8 18. Ndf3 Nxe5 19. fxe5 Ne4 20. Kg2 Rcd8 21. h4
Qd7 22. a4 Qxf5 23. gxf5 bxa4 24. Rxa4 Rd7 25. Rfa1 Ra8 26. Ra6 Rc7 27. Rb6 Kh7
28. Rb4 Nxc5 29. dxc5 Bxc5 30. Rba4 Bxe3 31. Ra6 c5 32. e6 fxe6 33. fxe6 c4 34.
bxc4 dxc4 35. Bc3 Bc5 36. Ne5 Be7 37. Kh3 Kg8 38. Rg1 Bf6 39. Rg3 Bxe5 40. Bxe5
Re7 41. Rc3 Rc8 42. Bd4 Rcc7 43. Kg4 g6 44. Rca3 h5+ 45. Kg5 Kh7 46. Bf6 Re8
47. Rxa7 Rxa7 48. Rxa7+ Kg8 49. Rg7+ Kf8 50. e7+ Rxe7 51. Rxe7 Kg8 52. Kxg6 Kf8
53. Rh7 Ke8 54. Bc3 Kd8 55. Kf6 1-0

[Event "DSM WK M 2010"]
[Site "Karlsruhe GER"]
[Date "2010.05.08"]
[Round "6"]
[White "Woider, Stella"]
[Black "Müller, Laura Margarita"]
[Result "0-1"]
[Termination "normal"]
[Board "4.3"]
[WhiteElo "757"]
[BlackElo "1544"]
[WhiteTeam "Gymnasium Mainz-Gonsenheim"]
[BlackTeam "Märkische Schule Wattenscheid"]
[PlyCount "124"]
[BlackFideId "12917923"]
[EventCountry "GER"]
[EventRounds "7"]
[EventType "team-swiss"]
[EventDate "2010.05.06"]

1. e4 e5 2. Nf3 Nc6 3. Bc4 Bc5 4. d3 Nge7 5. O-O O-O 6. Nc3 h6 7. Nd5 d6 8. h3
Nxd5 9. Bxd5 Ne7 10. Bb3 Be6 11. Be3 Bxe3 12. fxe3 Bxb3 13. axb3 c6 14. Qe1 Qc7
15. Qg3 Qb6 16. Rae1 f5 17. Nh4 f4 18. Qf3 Rf7 19. Kh1 g5 20. Nf5 Nxf5 21. exf5
Rxf5 22. e4 Rf6 23. Qh5 Kh7 24. g3 Raf8 25. g4 f3 26. h4 Rg6 27. hxg5 Rxg5 28.
Qh4 Rf4 29. Rf2 Rfxg4 30. Qh2 Qxf2 31. Qxf2 Rh5+ 32. Qh2 Rxh2+ 33. Kxh2 Kg6 34.
Rf1 Rf4 35. Kg3 h5 36. Kh3 Kg5 37. Rg1+ Rg4 38. Rxg4+ hxg4+ 39. Kg3 f2 40. Kxf2
Kf4 41. Kg2 Ke3 42. Kg3 Kd2 43. Kxg4 Kxc2 44. Kf3 Kxb3 45. Ke3 Kxb2 46. Kd2 a5
47. Ke3 a4 48. Kf3 a3 49. Kg4 a2 50. Kf5 a1=Q 51. Ke6 Qh1 52. Kxd6 Qh6+ 53. Kc5
Kc3 54. Kb6 c5+ 55. Kxb7 Kxd3 56. Kc7 c4 57. Kd7 c3 58. Kc7 c2 59. Kd7 c1=R 60.
Ke7 Rg1 61. Kd7 Rg7+ 62. Ke8 Qh8# 0-1

[Event "DSM WK M 2010"]
[Site "Karlsruhe GER"]
[Date "2010.05.08"]
[Round "6"]
[White "Berger, Melanie"]
[Black "Beck, Clara"]
[Result "1-0"]
[Termination "normal"]
[Board "4.4"]
[WhiteElo "1425"]
[BlackElo "812"]
[WhiteTeam "Märkische Schule Wattenscheid"]
[BlackTeam "Gymnasium Mainz-Gonsenheim"]
[PlyCount "123"]
[EventCountry "GER"]
[EventRounds "7"]
[EventType "team-swiss"]
[EventDate "2010.05.06"]

1. e4 e5 2. Nf3 Nc6 3. Bc4 Bc5 4. c3 d6 5. d4 exd4 6. cxd4 Bb4+ 7. Nc3 Qe7 8.
O-O Nf6 9. Bg5 Bxc3 10. bxc3 h6 11. Bxf6 Qxf6 12. h3 O-O 13. Re1 Qg6 14. Kh2
Qh5 15. Bd3 Re8 16. Kg1 Bd7 17. Bc2 Na5 18. e5 Bf5 19. Bd3 Bxd3 20. Qxd3 Rad8
21. Kh2 Qg6 22. Qxg6 fxg6 23. exd6 cxd6 24. Nd2 d5 25. Re3 Rf8 26. Kg1 Rc8 27.
Rc1 Rc7 28. Re5 Rd8 29. Kf1 Nc4 30. Nxc4 dxc4 31. Rb1 b6 32. a4 Rb7 33. Rd1 b5
34. Rxb5 Rxb5 35. axb5 Rb8 36. Rb1 a5 37. Ke1 Kf8 38. Kd2 a4 39. Kc2 a3 40. Rb4
Ra8 41. Kb1 Ke7 42. Ka2 Kd6 43. Rxc4 Kd7 44. Rb4 Kc7 45. Rb3 Rf8 46. b6+ Kb7
47. Rxa3 Rxf2+ 48. Kb3 Rf6 49. Ra4 Rxb6+ 50. Rb4 Rxb4+ 51. Kxb4 Kc7 52. Kc5 Kd7
53. Kd5 Kc7 54. c4 Kd7 55. c5 Kc7 56. g3 Kd7 57. c6+ Kc7 58. Kc5 Kc8 59. d5 Kd8
60. Kb6 Kc8 61. d6 Kd8 62. c7+ 1-0

[Event "DSM WK M 2010"]
[Site "Karlsruhe GER"]
[Date "2010.05.08"]
[Round "6"]
[White "Krtschil, Anna"]
[Black "Evers, Annika"]
[Result "0-1"]
[Termination "normal"]
[Board "5.1"]
[WhiteElo "1313"]
[BlackElo "1695"]
[WhiteTeam "Salza Gymnasium Bad Langensalza"]
[BlackTeam "Athenaeum Stade"]
[PlyCount "38"]
[WhiteFideId "4611144"]
[BlackFideId "24691933"]
[EventCountry "GER"]
[EventRounds "7"]
[EventType "team-swiss"]
[EventDate "2010.05.06"]

1. e4 c5 2. Nf3 e6 3. d4 cxd4 4. Nxd4 Nf6 5. Nc3 Nc6 6. Be3 Bb4 7. f3 d5 8. Bb5
Bd7 9. Nxc6 bxc6 10. Bd3 dxe4 11. fxe4 Bxc3+ 12. bxc3 Nxe4 13. Bxe4 Qh4+ 14.
Kf1 Qxe4 15. Qd3 Qa4 16. Kf2 Rd8 17. Qe2 Qh4+ 18. g3 Qf6+ 19. Bf4 g5 0-1

[Event "DSM WK M 2010"]
[Site "Karlsruhe GER"]
[Date "2010.05.08"]
[Round "6"]
[White "Halle, Julia"]
[Black "Lange, Anika"]
[Result "1/2-1/2"]
[Termination "normal"]
[Board "5.3"]
[WhiteElo "1018"]
[BlackElo "1215"]
[WhiteTeam "Salza Gymnasium Bad Langensalza"]
[BlackTeam "Athenaeum Stade"]
[PlyCount "106"]
[WhiteFideId "24694940"]
[BlackFideId "24693405"]
[EventCountry "GER"]
[EventRounds "7"]
[EventType "team-swiss"]
[EventDate "2010.05.06"]

1. e4 c5 2. Nf3 Nc6 3. Bc4 d6 4. Nc3 Nf6 5. d3 g6 6. Be3 Bg7 7. Qd2 O-O 8. Bh6
a6 9. h4 b5 10. Bd5 Qc7 11. h5 e6 12. Bxc6 Qxc6 13. Ne2 Re8 14. Bxg7 Kxg7 15.
hxg6 fxg6 16. Qh6+ Kg8 17. Ng5 Qd7 18. Nf4 Qg7 19. O-O-O Ra7 20. f3 a5 21. g4
Ree7 22. Rh3 Qxh6 23. Rxh6 a4 24. Rdh1 b4 25. a3 Rab7 26. Kd2 bxa3 27. bxa3 Rb2
28. Kc3 Ra2 29. Ne2 Rb7 30. Nf4 Rxa3+ 31. Kd2 Ra2 32. Ne2 a3 33. Nc3 Rab2 34.
Rg1 a2 35. Nxa2 Rxa2 36. Rgh1 Rab2 37. Rg1 Rb1 38. Rgh1 Rxh1 39. Rxh1 Kg7 40.
Ke3 Bd7 41. c3 Rb3 42. Kd2 h6 43. Kc2 Rb7 44. Nh3 Ba4+ 45. Kd2 d5 46. e5 Nd7
47. Ke3 Kf7 48. Kd2 d4 49. c4 Rb2+ 50. Ke1 Rb1+ 51. Ke2 Rxh1 52. Nf4 Bd1+ 53.
Kf2 Nxe5 1/2-1/2

[Event "DSM WK M 2010"]
[Site "Karlsruhe GER"]
[Date "2010.05.08"]
[Round "6"]
[White "Nesterkin, Maria"]
[Black "Winterberg, Johanna"]
[Result "1-0"]
[Termination "normal"]
[Board "5.4"]
[WhiteElo "860"]
[BlackElo "1004"]
[WhiteTeam "Athenaeum Stade"]
[BlackTeam "Salza Gymnasium Bad Langensalza"]
[PlyCount "61"]
[BlackFideId "12929344"]
[EventCountry "GER"]
[EventRounds "7"]
[EventType "team-swiss"]
[EventDate "2010.05.06"]

1. d4 d5 2. Nf3 Nc6 3. e3 Nf6 4. Bd3 g6 5. O-O Bg7 6. b3 O-O 7. Bb2 Ne4 8. Nbd2
Nxd2 9. Qxd2 Bg4 10. Be2 Bxf3 11. Bxf3 a5 12. Rac1 b5 13. e4 dxe4 14. Bxe4 Qd7
15. Rfe1 e6 16. c4 b4 17. d5 Nd8 18. Bxg7 Kxg7 19. Qd4+ f6 20. Rcd1 c6 21. dxc6
Nxc6 22. Qxd7+ Rf7 23. Qxc6 Raa7 24. Qxe6 Rfe7 25. Qh3 f5 26. Bf3 Rac7 27.
Rxe7+ Rxe7 28. Qh4 Re6 29. Rd7+ Kf8 30. Qd8+ Re8 31. Qf6+ 1-0

[Event "DSM WK M 2010"]
[Site "Karlsruhe GER"]
[Date "2010.05.08"]
[Round "6"]
[White "Schellinger, Sara"]
[Black "Kühnel, Lena"]
[Result "0-1"]
[Termination "normal"]
[Board "6.1"]
[WhiteElo "800"]
[BlackElo "1858"]
[WhiteTeam "Kant-Gymnasium Karlsruhe"]
[BlackTeam "Lise-Meitner-Gymnasium Königsbach-Stein"]
[PlyCount "60"]
[BlackFideId "24640956"]
[EventCountry "GER"]
[EventRounds "7"]
[EventType "team-swiss"]
[EventDate "2010.05.06"]

1. e4 e5 2. Nf3 Nc6 3. Nc3 Nf6 4. Bc4 Nxe4 5. Nxe4 d5 6. Nd6+ Qxd6 7. Bb3 Bg4
8. d3 O-O-O 9. Be3 f5 10. Bg5 Re8 11. h3 Bh5 12. g4 fxg4 13. hxg4 Bxg4 14. Rg1
h5 15. Qe2 Nd4 16. Qe3 Nxf3+ 17. Kf1 d4 18. Qe4 Nxg1 19. Kxg1 Be7 20. Bxe7 Qxe7
21. f3 Bh3 22. Kh2 Bd7 23. Re1 Bc6 24. Qf5+ Kb8 25. a3 Qh4+ 26. Kg1 Qxe1+ 27.
Kg2 Rhf8 28. Qh3 Bxf3+ 29. Kh2 Qf2+ 30. Qg2 Qxg2# 0-1